LEADER 01612nam0 22003973i 450 001 VAN0277140 005 20240607102239.470 017 70$2N$a9783030922498 100 $a20240607d2022 |0itac50 ba 101 $aeng 102 $aCH 105 $a|||| ||||| 200 1 $aDifferential Geometry$fVictor V. Prasolov 210 $aCham$cSpringer$d2022 215 $axi, 271 p.$cill.$d24 cm 300 $aTranslated from the Russian by Olga Sipacheva 410 1$1001VAN0124545$12001 $aMoscow Lectures$1210 $aCham [etc.]$cSpringer$v8 500 1$3VAN0277149$aDifferentsial'naya geometriya$94164453 610 $aDifferential geometry$9KW:K 610 $aFirst fundamental form$9KW:K 610 $aGaussian curvature$9KW:K 610 $aGeometry of surfaces$9KW:K 610 $aSecond fundamental form$9KW:K 610 $aTheorem of Gauss Bonnet$9KW:K 620 $aCH$dCham$3VANL001889 700 1$aPrasolov$bViktor V.$3VANV051542$0348244 702 1$aSipacheva$bOlga$3VANV229746$4730 712 $aSpringer $3VANV108073$4650 801 $aIT$bSOL$c20240614$gRICA 856 4 $uhttps://doi.org/10.1007/978-3-030-92249-8$zE-book ? Accesso al full-text attraverso riconoscimento IP di Ateneo, proxy e/o Shibboleth 899 $aBIBLIOTECA DEL DIPARTIMENTO DI MATEMATICA E FISICA$1IT-CE0120$2VAN08 912 $fN 912 $aVAN0277140 950 $aBIBLIOTECA DEL DIPARTIMENTO DI MATEMATICA E FISICA$d08CONS e-Book 8713 $e08eMF8713 20240610 996 $aDifferentsial'naya geometriya$94164453 997 $aUNICAMPANIA LEADER 02459nam0 22004933i 450 001 VAN00181204 005 20240806101103.155 017 70$2N$a9783319466019 100 $a20210712d2017 |0itac50 ba 101 $aeng 102 $aCH 105 $a|||| ||||| 200 1 $a3rd International Multidisciplinary Microscopy and Microanalysis Congress (InterM)$eProceedings, Oludeniz, Turkey, 19-23 October 2015$fAhmet Yavuz Oral, Zehra Banu Bahsi Oral editors 210 $aCham$cSpringer$d2017 215 $axx, 255 p.$cill.$d24 cm 410 1$1001VAN00132747$12001 $aSpringer Proceedings in Physics$1210 $aBerlin [etc.]$cSpringer$v186 500 1$3VAN00181225$a3rd International Multidisciplinary Microscopy and Microanalysis Congress (InterM)$92102295 606 $a00A79 (77-XX)$xPhysics [MSC 2020]$3VANC023182$2MF 606 $a00Bxx$xConference proceedings and collections of articles [MSC 2020]$3VANC021742$2MF 606 $a78-XX$xOptics, electromagnetic theory [MSC 2020]$3VANC022356$2MF 606 $a92C05$xBiophysics [MSC 2020]$3VANC020842$2MF 610 $aAdvances in Instrumentation and Techniques$9KW:K 610 $aConfocal Microscopy$9KW:K 610 $aElectron Microscopy$9KW:K 610 $aINTERM2015$9KW:K 610 $aINTERM2015 Proceedings$9KW:K 610 $aMicroscopy in the Biological Sciences$9KW:K 610 $aMicroscopy in the Physical Sciences$9KW:K 610 $aOptical Microscopy$9KW:K 610 $aScanning Probe Microscopy$9KW:K 610 $aTrends in Microscopy$9KW:K 620 $aCH$dCham$3VANL001889 702 1$aBahsi Oral$bZehra Banu$3VANV162742 702 1$aOral$bAhmet Yavuz$3VANV162734 712 12$aInternational Multidisciplinary Microscopy and Microanalysis Congress$d3.$f2015$eOludeniz, Turkey$3VANV162743 712 $aSpringer $3VANV108073$4650 801 $aIT$bSOL$c20241115$gRICA 856 4 $uhttp://doi.org/10.1007/978-3-319-46601-9$zE-book ? Accesso al full-text attraverso riconoscimento IP di Ateneo, proxy e/o Shibboleth 899 $aBIBLIOTECA DEL DIPARTIMENTO DI MATEMATICA E FISICA$1IT-CE0120$2VAN08 912 $fN 912 $aVAN00181204 950 $aBIBLIOTECA DEL DIPARTIMENTO DI MATEMATICA E FISICA$d08DLOAD e-book 3011 $e08eMF3011 20210712 996 $a3rd International Multidisciplinary Microscopy and Microanalysis Congress (InterM)$92102295 997 $aUNICAMPANIA